[Event "Blitz 2018"]
[Site "Saint-Petersburg"]
[Date "2018.12.29"]
[Round "10"]
[Board "65"]
[White "Drygalov Andrey (RUS)"]
[Black "Gareyev Timur (USA)"]
[Result "1/2-1/2"]
[LiveChessVersion "1.4.8"]
[BlackElo "2577"]
[WhiteElo "2509"]

1. e4 {[%clk 0:02:50]} Nf6 {[%clk 0:03:00]} 2. e5 {[%clk 0:02:51]} Nd5
{[%clk 0:03:02]} 3. d4 {[%clk 0:02:53]} d6 {[%clk 0:03:03]} 4. c4
{[%clk 0:02:54]} Nb6 {[%clk 0:03:04]} 5. exd6 {[%clk 0:02:55]} cxd6
{[%clk 0:03:02]} 6. Nc3 {[%clk 0:02:54]} g6 {[%clk 0:03:02]} 7. Be3
{[%clk 0:02:55]} Bg7 {[%clk 0:03:02]} 8. Rc1 {[%clk 0:02:54]} O-O 9. b3 Bf5
{[%clk 0:03:04]} 10. Be2 {[%clk 0:02:55]} d5 {[%clk 0:02:57]} 11. c5
{[%clk 0:02:50]} Nc8 {[%clk 0:02:58]} 12. Bf3 e6 13. g4 {[%clk 0:02:38]} Be4
{[%clk 0:02:59]} 14. Nxe4 {[%clk 0:02:36]} dxe4 {[%clk 0:03:00]} 15. Bxe4 Nc6 16.
Ne2 {[%clk 0:02:10]} N8e7 {[%clk 0:03:03]} 17. O-O {[%clk 0:01:31]} Qd7
{[%clk 0:03:04]} 18. Bg2 {[%clk 0:01:27]} Rad8 {[%clk 0:03:04]} 19. Qd2
{[%clk 0:01:23]} e5 {[%clk 0:03:05]} 20. d5 {[%clk 0:01:17]} Qxg4
{[%clk 0:02:48]} 21. h3 {[%clk 0:01:18]} Qc8 {[%clk 0:02:34]} 22. b4
{[%clk 0:00:33]} Nxd5 {[%clk 0:02:32]} 23. Bxd5 {[%clk 0:00:32]} Qxh3
{[%clk 0:02:32]} 24. Ng3 {[%clk 0:00:19]} Nd4 {[%clk 0:02:19]} 25. Bg2
{[%clk 0:00:14]} Nf3+ {[%clk 0:02:15]} 26. Bxf3 {[%clk 0:00:15]} Rxd2
{[%clk 0:02:16]} 27. Bxd2 {[%clk 0:00:16]} f5 {[%clk 0:02:17]} 28. Rc4
{[%clk 0:00:06]} e4 {[%clk 0:02:17]} 29. Bg2 {[%clk 0:00:08]} Qh4
{[%clk 0:02:16]} 30. b5 {[%clk 0:00:06]} Be5 {[%clk 0:02:17]} 31. c6
{[%clk 0:00:06]} bxc6 {[%clk 0:02:18]} 32. bxc6 {[%clk 0:00:08]} Bc7
{[%clk 0:02:00]} 33. Rd1 {[%clk 0:00:06]} Rd8 {[%clk 0:02:00]} 34. Nf1
{[%clk 0:00:05]} Qh5 {[%clk 0:01:53]} 35. Rb1 {[%clk 0:00:03]} Qe2
{[%clk 0:01:53]} 36. Rc2 {[%clk 0:00:03]} Qd3 {[%clk 0:01:32]} 37. Rcb2
{[%clk 0:00:05]} f4 {[%clk 0:01:33]} 38. Rb3 {[%clk 0:00:04]} Qd5
{[%clk 0:01:29]} 39. Rb4 {[%clk 0:00:04]} f3 {[%clk 0:01:29]} 40. Bh3
{[%clk 0:00:05]} Qe5 {[%clk 0:01:27]} 41. Be3 {[%clk 0:00:05]} g5
{[%clk 0:01:21]} 42. Rb7 {[%clk 0:00:06]} g4 {[%clk 0:01:22]} 43. Bxg4
{[%clk 0:00:05]} Qg7 {[%clk 0:01:23]} 44. Nh2 {[%clk 0:00:05]} h5
{[%clk 0:01:20]} 45. Rxc7 {[%clk 0:00:06]} Qxc7 {[%clk 0:01:21]} 46. Bd7
{[%clk 0:00:05]} Rxd7 {[%clk 0:01:19]} 47. cxd7 {[%clk 0:00:05]} Qxd7
{[%clk 0:01:20]} 48. Kh1 {[%clk 0:00:06]} Kf7 {[%clk 0:01:19]} 49. Rg1
{[%clk 0:00:07]} a5 {[%clk 0:01:13]} 50. Rg5 {[%clk 0:00:07]} Qd1+
{[%clk 0:01:14]} 51. Rg1 {[%clk 0:00:08]} Qd5 {[%clk 0:01:14]} 52. a3
{[%clk 0:00:08]} h4 {[%clk 0:01:13]} 53. Nf1 {[%clk 0:00:08]} Qd6
{[%clk 0:01:12]} 54. Nd2 {[%clk 0:00:09]} Qxa3 {[%clk 0:01:51]} 55. Nxe4
{[%clk 0:00:10]} a4 {[%clk 0:01:33]} 56. Ng5+ {[%clk 0:00:10]} Ke8
{[%clk 0:01:30]} 57. Nxf3 {[%clk 0:00:11]} Qb3 {[%clk 0:01:20]} 58. Nd4
{[%clk 0:00:09]} Qd5+ {[%clk 0:01:18]} 59. Kh2 {[%clk 0:00:10]} a3
{[%clk 0:01:17]} 60. Nc2 {[%clk 0:00:09]} Qe5+ {[%clk 0:01:14]} 61. f4
{[%clk 0:00:09]} Qe4 {[%clk 0:01:11]} 62. Rg2 {[%clk 0:00:10]} a2
{[%clk 0:01:09]} 63. Bd4 {[%clk 0:00:09]} Qxf4+ {[%clk 0:01:09]} 64. Kh3
{[%clk 0:00:09]} Qf3+ {[%clk 0:01:07]} 65. Kh2 {[%clk 0:00:09]} Qd1
{[%clk 0:00:58]} 66. Kh3 {[%clk 0:00:08]} Qh1+ {[%clk 0:00:59]} 67. Rh2
{[%clk 0:00:09]} Qe4 {[%clk 0:00:50]} 68. Ba1 {[%clk 0:00:09]} Kd7
{[%clk 0:00:36]} 69. Rd2+ {[%clk 0:00:10]} Kc8 {[%clk 0:00:34]} 70. Rg2
{[%clk 0:00:11]} Qf3+ {[%clk 0:00:34]} 71. Kh2 {[%clk 0:00:11]} Kb7
{[%clk 0:00:33]} 72. Rg7+ {[%clk 0:00:11]} Ka6 {[%clk 0:00:30]} 73. Rg6+
{[%clk 0:00:09]} Ka5 {[%clk 0:00:31]} 74. Rg2 {[%clk 0:00:06]} Qf4+
{[%clk 0:00:32]} 75. Kh3 {[%clk 0:00:07]} Qf3+ {[%clk 0:00:31]} 76. Kh2
{[%clk 0:00:08]} Ka4 {[%clk 0:00:29]} 77. Nd4 {[%clk 0:00:07]} Qd5
{[%clk 0:00:25]} 78. Kh3 {[%clk 0:00:06]} Qe4 {[%clk 0:00:18]} 79. Rxa2+
{[%clk 0:00:07]} Kb4 {[%clk 0:00:16]} 80. Rg2 {[%clk 0:00:07]} Kc4
{[%clk 0:00:11]} 81. Bb2 {[%clk 0:00:09]} Qb1 {[%clk 0:00:11]} 82. Kxh4
{[%clk 0:00:10]} Qh1+ {[%clk 0:00:07]} 83. Kg3 {[%clk 0:00:11]} Qe1+
{[%clk 0:00:08]} 84. Kh3 {[%clk 0:00:09]} Qh1+ 85. Kg3 Qe1+ {[%clk 0:00:10]} 86.
Rf2 {[%clk 0:00:10]} Qe3+ {[%clk 0:00:09]} 87. Nf3 {[%clk 0:00:09]} Kb5
{[%clk 0:00:09]} 88. Bd4 Qh6 {[%clk 0:00:06]} 89. Rb2+ {[%clk 0:00:11]} Ka6
{[%clk 0:00:06]} 90. Re2 {[%clk 0:00:10]} Qg6+ {[%clk 0:00:07]} 91. Kf2
{[%clk 0:00:12]} Qh6 {[%clk 0:00:08]} 92. Be5 {[%clk 0:00:12]} Kb7
{[%clk 0:00:08]} 93. Bg3 {[%clk 0:00:12]} Qb6+ {[%clk 0:00:08]} 94. Kg2
{[%clk 0:00:13]} Qc6 {[%clk 0:00:08]} 95. Rb2+ {[%clk 0:00:14]} Ka6
{[%clk 0:00:09]} 96. Ra2+ {[%clk 0:00:13]} Kb7 {[%clk 0:00:10]} 97. Re2
{[%clk 0:00:11]} Qc4 {[%clk 0:00:08]} 98. Rb2+ {[%clk 0:00:11]} Ka8
{[%clk 0:00:09]} 99. Rd2 {[%clk 0:00:10]} Qc3 {[%clk 0:00:09]} 100. Rd8+
{[%clk 0:00:10]} Kb7 {[%clk 0:00:09]} 101. Rb8+ {[%clk 0:00:11]} Ka7
{[%clk 0:00:09]} 102. Re8 {[%clk 0:00:08]} Qc2+ {[%clk 0:00:10]} 103. Bf2+
{[%clk 0:00:09]} Kb7 {[%clk 0:00:08]} 104. Re7+ {[%clk 0:00:10]} Kc8
{[%clk 0:00:07]} 105. Re3 {[%clk 0:00:10]} Qg6+ {[%clk 0:00:08]} 106. Kf1
{[%clk 0:00:12]} Qb1+ {[%clk 0:00:09]} 107. Ne1 {[%clk 0:00:13]} Qb5+ 108. Rd3
Qc4 {[%clk 0:00:08]} 109. Ke2 {[%clk 0:00:16]} Qe4+ {[%clk 0:00:08]} 110. Kd2
{[%clk 0:00:17]} Qb4+ {[%clk 0:00:08]} 111. Rc3+ {[%clk 0:00:18]} Kd7
{[%clk 0:00:08]} 112. Nd3 {[%clk 0:00:19]} Qb1 {[%clk 0:00:05]} 113. Be3
{[%clk 0:00:18]} Qa2+ {[%clk 0:00:07]} 114. Rc2 {[%clk 0:00:19]} Qg8
{[%clk 0:00:07]} 115. Nf4 {[%clk 0:00:18]} Qg4 {[%clk 0:00:07]} 116. Rc4
{[%clk 0:00:15]} Qf3 {[%clk 0:00:08]} 117. Rd4+ {[%clk 0:00:14]} Ke8
{[%clk 0:00:09]} 118. Ne2 {[%clk 0:00:14]} Qg2 {[%clk 0:00:09]} 119. Bf4
{[%clk 0:00:13]} Qg6 {[%clk 0:00:09]} 120. Ke3 {[%clk 0:00:13]} Qb6
{[%clk 0:00:10]} 121. Nc3 {[%clk 0:00:10]} Qb3 {[%clk 0:00:11]} 122. Rd3
{[%clk 0:00:09]} Qc2 {[%clk 0:00:12]} 123. Nd5 {[%clk 0:00:09]} Qc1+
{[%clk 0:00:14]} 124. Ke4 {[%clk 0:00:09]} Qc4+ {[%clk 0:00:15]} 125. Rd4
{[%clk 0:00:06]} Qe2+ {[%clk 0:00:16]} 126. Kf5 {[%clk 0:00:05]} Kf7
{[%clk 0:00:17]} 127. Ne3 {[%clk 0:00:05]} Qb5+ {[%clk 0:00:15]} 128. Rd5
{[%clk 0:00:07]} Qc6 {[%clk 0:00:16]} 129. Ke4 {[%clk 0:00:05]} Qe6+
{[%clk 0:00:16]} 130. Re5 {[%clk 0:00:05]} Qc6+ {[%clk 0:00:17]} 131. Nd5
{[%clk 0:00:06]} Qc4+ {[%clk 0:00:19]} 132. Kf5 {[%clk 0:00:04]} Qc2+
{[%clk 0:00:19]} 133. Kg4 {[%clk 0:00:04]} Qd1+ {[%clk 0:00:19]} 134. Kg3
{[%clk 0:00:04]} Qg1+ {[%clk 0:00:18]} 135. Kf3 {[%clk 0:00:05]} Qd1+
{[%clk 0:00:19]} 136. Kg3 {[%clk 0:00:06]} Qg1+ 1/2-1/2

[Event "Blitz 2018"]
[Site "Saint-Petersburg"]
[Date "2018.12.29"]
[Round "10"]
[Board "66"]
[White "Sokolin Leonid (USA)"]
[Black "Najer Evgeniy (RUS)"]
[Result "0-1"]
[LiveChessVersion "1.4.8"]
[BlackElo "2573"]
[WhiteElo "2508"]

1. e4 {[%clk 0:03:03]} e5 {[%clk 0:03:03]} 2. Nf3 {[%clk 0:03:04]} Nc6
{[%clk 0:03:04]} 3. Bb5 {[%clk 0:03:05]} a6 {[%clk 0:03:05]} 4. Bxc6
{[%clk 0:03:06]} dxc6 {[%clk 0:03:05]} 5. O-O {[%clk 0:03:05]} Qf6
{[%clk 0:03:06]} 6. d4 {[%clk 0:02:54]} exd4 {[%clk 0:03:07]} 7. Qxd4
{[%clk 0:02:50]} Qxd4 {[%clk 0:03:01]} 8. Nxd4 {[%clk 0:02:51]} Bd7
{[%clk 0:03:00]} 9. Nc3 {[%clk 0:02:42]} O-O-O {[%clk 0:02:58]} 10. Be3
{[%clk 0:02:41]} Nf6 {[%clk 0:02:37]} 11. f3 {[%clk 0:02:42]} Be7
{[%clk 0:02:31]} 12. Rad1 {[%clk 0:02:35]} Rhe8 {[%clk 0:02:27]} 13. Rd2
{[%clk 0:02:18]} c5 {[%clk 0:01:37]} 14. Nde2 {[%clk 0:02:17]} b6
{[%clk 0:01:30]} 15. Rfd1 {[%clk 0:02:17]} Bc6 {[%clk 0:01:24]} 16. Kf2
{[%clk 0:02:16]} Rxd2 17. Rxd2 Bf8 {[%clk 0:01:13]} 18. g4 {[%clk 0:02:13]} Nd7
{[%clk 0:01:14]} 19. Nf4 {[%clk 0:02:00]} g6 {[%clk 0:01:14]} 20. Nce2
{[%clk 0:01:44]} Bg7 {[%clk 0:01:12]} 21. b3 {[%clk 0:01:45]} Ne5
{[%clk 0:01:02]} 22. Ng3 {[%clk 0:01:42]} c4 {[%clk 0:00:58]} 23. Bd4
{[%clk 0:01:31]} Rd8 {[%clk 0:00:58]} 24. Ke3 {[%clk 0:01:09]} cxb3
{[%clk 0:00:57]} 25. cxb3 {[%clk 0:01:07]} Nxf3 {[%clk 0:00:49]} 26. Kxf3
{[%clk 0:01:05]} Rxd4 {[%clk 0:00:48]} 27. Rc2 {[%clk 0:01:04]} Kb7
{[%clk 0:00:49]} 28. g5 {[%clk 0:01:01]} Be5 {[%clk 0:00:47]} 29. h4
{[%clk 0:01:02]} a5 30. Ke3 Rd1 {[%clk 0:00:44]} 31. Nge2 {[%clk 0:01:01]} a4
{[%clk 0:00:38]} 32. Nd3 {[%clk 0:01:01]} axb3 {[%clk 0:00:25]} 33. axb3
{[%clk 0:00:55]} Bg7 {[%clk 0:00:25]} 34. e5 {[%clk 0:00:33]} Bb5
{[%clk 0:00:17]} 35. Nf2 {[%clk 0:00:34]} Rd5 {[%clk 0:00:15]} 36. Ng4
{[%clk 0:00:28]} Rd3+ {[%clk 0:00:16]} 37. Ke4 {[%clk 0:00:26]} Rxb3 38. Nd4 Bd3+
{[%clk 0:00:17]} 0-1

[Event "Blitz 2018"]
[Site "Saint-Petersburg"]
[Date "2018.12.29"]
[Round "10"]
[Board "67"]
[White "Saric Ivan (CRO)"]
[Black "Bocharov Dmitry (RUS)"]
[Result "1-0"]
[LiveChessVersion "1.4.8"]
[BlackElo "2517"]
[WhiteElo "2572"]

1. e4 {[%clk 0:03:03]} d6 {[%clk 0:03:03]} 2. d4 {[%clk 0:03:05]} Nf6
{[%clk 0:03:04]} 3. Nc3 {[%clk 0:03:06]} e5 {[%clk 0:03:04]} 4. Nf3
{[%clk 0:03:07]} Nbd7 {[%clk 0:03:05]} 5. Rg1 {[%clk 0:03:08]} c6
{[%clk 0:02:56]} 6. g4 {[%clk 0:03:09]} h6 {[%clk 0:02:55]} 7. h4
{[%clk 0:03:07]} g6 {[%clk 0:02:47]} 8. g5 {[%clk 0:02:48]} hxg5 {[%clk 0:02:47]}
9. hxg5 {[%clk 0:02:48]} Nh5 {[%clk 0:02:48]} 10. Be3 {[%clk 0:02:49]} b5
{[%clk 0:02:46]} 11. a3 {[%clk 0:02:40]} Bb7 {[%clk 0:02:28]} 12. Be2
{[%clk 0:02:38]} Qc7 {[%clk 0:02:20]} 13. d5 {[%clk 0:02:31]} a6 {[%clk 0:02:10]}
14. dxc6 {[%clk 0:02:32]} Bxc6 {[%clk 0:02:09]} 15. Nd5 {[%clk 0:02:08]} Qb7
{[%clk 0:02:09]} 16. Nd2 {[%clk 0:02:04]} Nf4 {[%clk 0:01:37]} 17. Nxf4
{[%clk 0:01:56]} exf4 {[%clk 0:01:38]} 18. Bxf4 {[%clk 0:01:57]} Bg7
{[%clk 0:01:39]} 19. c3 {[%clk 0:01:38]} O-O {[%clk 0:01:24]} 20. Nb3
{[%clk 0:01:10]} Bxe4 {[%clk 0:01:18]} 21. Qxd6 {[%clk 0:01:11]} Rfe8
{[%clk 0:01:12]} 22. O-O-O {[%clk 0:01:09]} Bf5 {[%clk 0:01:02]} 23. Bd3
{[%clk 0:01:06]} Bxd3 {[%clk 0:00:57]} 24. Qxd3 {[%clk 0:01:00]} Ne5
{[%clk 0:00:52]} 25. Qh3 {[%clk 0:00:54]} Qe4 {[%clk 0:00:51]} 26. Rd4
{[%clk 0:00:41]} Qf3 {[%clk 0:00:51]} 27. Rh1 {[%clk 0:00:30]} Qxh3
{[%clk 0:00:20]} 28. Rxh3 {[%clk 0:00:32]} Nc4 {[%clk 0:00:21]} 29. Rd1
{[%clk 0:00:09]} Re2 {[%clk 0:00:21]} 30. Nd2 {[%clk 0:00:07]} Rxf2
{[%clk 0:00:20]} 31. Bg3 {[%clk 0:00:07]} Re2 {[%clk 0:00:07]} 32. Nxc4
{[%clk 0:00:08]} bxc4 {[%clk 0:00:07]} 33. Rd2 Re3 {[%clk 0:00:07]} 34. Rdh2
{[%clk 0:00:07]} Rae8 {[%clk 0:00:07]} 35. Bf2 {[%clk 0:00:08]} R3e4
{[%clk 0:00:03]} 36. a4 {[%clk 0:00:07]} Rg4 {[%clk 0:00:03]} 37. Be3
{[%clk 0:00:08]} Rge4 {[%clk 0:00:03]} 38. Bd2 {[%clk 0:00:10]} a5
{[%clk 0:00:00]} 1-0

[Event "Blitz 2018"]
[Site "Saint-Petersburg"]
[Date "2018.12.29"]
[Round "10"]
[Board "68"]
[White "Grachev Boris (RUS)"]
[Black "Seliverstov Vladimir (RUS)"]
[Result "0-1"]
[LiveChessVersion "1.4.8"]
[BlackElo "2512"]
[WhiteElo "2571"]

1. Nf3 {[%clk 0:03:02]} g6 {[%clk 0:03:03]} 2. c4 {[%clk 0:03:02]} Bg7
{[%clk 0:03:04]} 3. g3 {[%clk 0:03:03]} Nf6 {[%clk 0:03:06]} 4. Bg2
{[%clk 0:03:05]} O-O {[%clk 0:03:07]} 5. d4 {[%clk 0:03:05]} d6 {[%clk 0:03:06]}
6. O-O {[%clk 0:03:03]} c6 {[%clk 0:03:07]} 7. Nc3 {[%clk 0:03:04]} Bf5
{[%clk 0:03:06]} 8. Ne1 {[%clk 0:03:03]} Qb6 {[%clk 0:03:05]} 9. e4
{[%clk 0:02:54]} Bg4 {[%clk 0:03:04]} 10. f3 {[%clk 0:02:52]} Be6
{[%clk 0:03:04]} 11. Na4 {[%clk 0:02:43]} Qa6 {[%clk 0:02:49]} 12. d5
{[%clk 0:02:37]} Bd7 {[%clk 0:02:42]} 13. Nc3 {[%clk 0:02:04]} Qxc4
{[%clk 0:02:39]} 14. Nc2 {[%clk 0:01:55]} cxd5 {[%clk 0:02:19]} 15. exd5
{[%clk 0:01:56]} Na6 {[%clk 0:02:13]} 16. Re1 {[%clk 0:01:52]} Rfe8
{[%clk 0:02:09]} 17. Bf1 {[%clk 0:01:50]} Qc7 {[%clk 0:02:10]} 18. Be3
{[%clk 0:01:30]} Nc5 {[%clk 0:01:56]} 19. Rc1 {[%clk 0:01:29]} Rac8
{[%clk 0:01:40]} 20. Nd4 {[%clk 0:01:27]} Qb8 {[%clk 0:01:02]} 21. b4
{[%clk 0:01:18]} Na6 {[%clk 0:01:03]} 22. Qb3 {[%clk 0:01:09]} Nc7
{[%clk 0:00:53]} 23. Bf2 {[%clk 0:01:00]} e5 {[%clk 0:00:41]} 24. dxe6
{[%clk 0:00:50]} Nxe6 {[%clk 0:00:42]} 25. Rcd1 {[%clk 0:00:32]} a6
{[%clk 0:00:32]} 26. b5 {[%clk 0:00:29]} Qc7 {[%clk 0:00:24]} 27. Rc1
{[%clk 0:00:17]} Qa5 {[%clk 0:00:19]} 28. bxa6 {[%clk 0:00:13]} bxa6
{[%clk 0:00:20]} 29. Nxe6 {[%clk 0:00:06]} Bxe6 {[%clk 0:00:21]} 30. Qa4
{[%clk 0:00:07]} Qh5 {[%clk 0:00:15]} 31. g4 {[%clk 0:00:06]} Qh6
{[%clk 0:00:14]} 32. Qxa6 {[%clk 0:00:03]} Nxg4 {[%clk 0:00:13]} 33. fxg4 Rxc3
34. Rxc3 {[%clk 0:00:04]} Bxc3 {[%clk 0:00:16]} 35. Rd1 {[%clk 0:00:03]} Be5
{[%clk 0:00:17]} 36. h3 {[%clk 0:00:04]} Qf4 {[%clk 0:00:18]} 37. Bg2
{[%clk 0:00:04]} Rb8 {[%clk 0:00:18]} 38. Qd3 {[%clk 0:00:03]} Rb2
{[%clk 0:00:19]} 39. Qf3 {[%clk 0:00:04]} Qh2+ {[%clk 0:00:19]} 40. Kf1 Bc4+
{[%clk 0:00:19]} 41. Ke1 {[%clk 0:00:07]} Rxa2 42. Rd2 {[%clk 0:00:07]} Ra1+
{[%clk 0:00:14]} 43. Rd1 {[%clk 0:00:08]} Ra2 {[%clk 0:00:12]} 44. Rd2
{[%clk 0:00:10]} Ra5 {[%clk 0:00:10]} 45. Kd1 {[%clk 0:00:08]} Kg7
{[%clk 0:00:07]} 46. Kc2 {[%clk 0:00:07]} Rb5 {[%clk 0:00:08]} 47. Kc1
{[%clk 0:00:06]} Bf4 {[%clk 0:00:08]} 48. Qc3+ {[%clk 0:00:07]} Re5
{[%clk 0:00:06]} 49. Bd4 {[%clk 0:00:06]} Qxg2 {[%clk 0:00:05]} 50. Bxe5+
{[%clk 0:00:05]} dxe5 {[%clk 0:00:07]} 51. Qxe5+ {[%clk 0:00:06]} Bxe5
{[%clk 0:00:08]} 52. Rxg2 {[%clk 0:00:07]} Bf1 {[%clk 0:00:09]} 53. Rg1
{[%clk 0:00:05]} Bxh3 {[%clk 0:00:09]} 54. Kd2 {[%clk 0:00:05]} Kf6
{[%clk 0:00:08]} 55. Ke3 {[%clk 0:00:06]} Kg5 {[%clk 0:00:09]} 56. Ke4
{[%clk 0:00:05]} Bh2 {[%clk 0:00:08]} 57. Ra1 {[%clk 0:00:04]} Bxg4
{[%clk 0:00:09]} 58. Ra5+ {[%clk 0:00:04]} f5+ {[%clk 0:00:10]} 59. Kd5
{[%clk 0:00:05]} h5 {[%clk 0:00:10]} 60. Ke6 {[%clk 0:00:06]} h4 {[%clk 0:00:09]}
61. Ra2 {[%clk 0:00:05]} Bg3 {[%clk 0:00:10]} 0-1

[Event "Blitz 2018"]
[Site "Saint-Petersburg"]
[Date "2018.12.29"]
[Round "10"]
[Board "69"]
[White "Jumabayev Rinat (KAZ)"]
[Black "Rechlis Gad (ISR)"]
[Result "1-0"]
[LiveChessVersion "1.4.8"]
[BlackElo "2500"]
[WhiteElo "2554"]

1. e4 {[%clk 0:03:03]} c5 {[%clk 0:03:03]} 2. Nf3 {[%clk 0:03:04]} d6
{[%clk 0:03:05]} 3. Nc3 {[%clk 0:03:03]} Nf6 {[%clk 0:03:02]} 4. e5
{[%clk 0:03:04]} dxe5 {[%clk 0:03:03]} 5. Nxe5 {[%clk 0:03:05]} Nbd7
{[%clk 0:03:04]} 6. Bb5 {[%clk 0:03:06]} e6 7. d4 {[%clk 0:03:06]} Bd6
{[%clk 0:02:44]} 8. Nc4 {[%clk 0:02:49]} Be7 {[%clk 0:02:34]} 9. dxc5
{[%clk 0:02:45]} O-O {[%clk 0:02:29]} 10. c6 {[%clk 0:02:45]} bxc6
{[%clk 0:02:29]} 11. Bxc6 {[%clk 0:02:46]} Ba6 {[%clk 0:02:22]} 12. Bxa8
{[%clk 0:02:28]} Qxa8 {[%clk 0:02:23]} 13. Ne3 {[%clk 0:02:29]} Rd8
{[%clk 0:02:23]} 14. Qd4 {[%clk 0:01:55]} Bc5 {[%clk 0:01:51]} 15. Qa4
{[%clk 0:01:56]} Qb7 {[%clk 0:01:52]} 16. Qb3 {[%clk 0:01:22]} Nb6
{[%clk 0:01:47]} 17. Ne2 {[%clk 0:00:59]} Bxe3 {[%clk 0:01:20]} 18. Qxe3
{[%clk 0:01:00]} Qxg2 {[%clk 0:01:15]} 19. Rg1 {[%clk 0:01:01]} Qd5
{[%clk 0:01:16]} 20. Nc3 {[%clk 0:00:57]} Qd6 {[%clk 0:00:44]} 21. Qg3
{[%clk 0:00:54]} Qf8 {[%clk 0:00:37]} 22. Bg5 {[%clk 0:00:43]} Nh5
{[%clk 0:00:22]} 23. Qh4 {[%clk 0:00:43]} f6 {[%clk 0:00:22]} 24. Bd2
{[%clk 0:00:43]} Nc4 {[%clk 0:00:18]} 25. O-O-O {[%clk 0:00:29]} Qb4
{[%clk 0:00:19]} 26. Na4 {[%clk 0:00:27]} Qxa4 {[%clk 0:00:21]} 27. Bc3
{[%clk 0:00:21]} Rxd1+ {[%clk 0:00:15]} 28. Rxd1 {[%clk 0:00:22]} Qe8
{[%clk 0:00:16]} 29. Qd4 {[%clk 0:00:16]} e5 {[%clk 0:00:14]} 30. Qxa7
{[%clk 0:00:16]} Bb5 {[%clk 0:00:12]} 31. Qc7 {[%clk 0:00:17]} Qf8
{[%clk 0:00:04]} 32. Rd8 {[%clk 0:00:17]} 1-0

[Event "Blitz 2018"]
[Site "Saint-Petersburg"]
[Date "2018.12.29"]
[Round "10"]
[Board "70"]
[White "Maslak Konstantin (RUS)"]
[Black "Sanal Vahap (TUR)"]
[Result "0-1"]
[LiveChessVersion "1.4.8"]
[BlackElo "2488"]
[WhiteElo "2537"]

1. e4 {[%clk 0:03:02]} e5 {[%clk 0:02:59]} 2. Bc4 {[%clk 0:03:03]} Nf6
{[%clk 0:02:58]} 3. d3 {[%clk 0:03:04]} Nc6 {[%clk 0:02:59]} 4. Nc3
{[%clk 0:02:52]} Na5 {[%clk 0:02:59]} 5. Nge2 {[%clk 0:02:40]} Be7
{[%clk 0:02:54]} 6. O-O {[%clk 0:02:11]} O-O {[%clk 0:02:47]} 7. a4
{[%clk 0:02:08]} Nxc4 {[%clk 0:02:47]} 8. dxc4 {[%clk 0:02:08]} d6
{[%clk 0:02:45]} 9. f3 {[%clk 0:02:04]} a5 {[%clk 0:02:45]} 10. Be3
{[%clk 0:02:03]} b6 {[%clk 0:02:46]} 11. Qd2 {[%clk 0:01:57]} Be6
{[%clk 0:02:47]} 12. b3 {[%clk 0:01:50]} Nd7 {[%clk 0:02:36]} 13. Nd5
{[%clk 0:01:46]} f5 {[%clk 0:02:21]} 14. exf5 {[%clk 0:01:37]} Bxf5
{[%clk 0:02:21]} 15. Ng3 {[%clk 0:01:17]} Bg6 {[%clk 0:02:20]} 16. Rae1
{[%clk 0:01:05]} Rf7 {[%clk 0:02:21]} 17. f4 {[%clk 0:00:48]} h6 {[%clk 0:02:06]}
18. fxe5 {[%clk 0:00:26]} Nxe5 {[%clk 0:02:06]} 19. Bd4 {[%clk 0:00:18]} Bg5
{[%clk 0:01:54]} 20. Qc3 {[%clk 0:00:14]} c6 {[%clk 0:01:25]} 21. Rxf7
{[%clk 0:00:10]} Nxf7 {[%clk 0:01:13]} 22. Ne3 {[%clk 0:00:06]} Qd7
{[%clk 0:00:56]} 23. Bxg7 {[%clk 0:00:05]} Re8 {[%clk 0:00:57]} 24. h3
{[%clk 0:00:03]} Rxe3 {[%clk 0:00:46]} 25. Rxe3 {[%clk 0:00:04]} Bxe3+
{[%clk 0:00:47]} 26. Qxe3 {[%clk 0:00:04]} Kxg7 {[%clk 0:00:48]} 27. Qxb6
{[%clk 0:00:04]} Bxc2 {[%clk 0:00:39]} 28. Qxa5 {[%clk 0:00:06]} Ne5
{[%clk 0:00:34]} 29. Qc3 {[%clk 0:00:06]} Bg6 {[%clk 0:00:35]} 30. c5
{[%clk 0:00:07]} Qa7 {[%clk 0:00:34]} 31. b4 {[%clk 0:00:07]} Qxa4
{[%clk 0:00:35]} 32. cxd6 {[%clk 0:00:07]} Qd1+ {[%clk 0:00:36]} 33. Kh2
{[%clk 0:00:08]} Qxd6 {[%clk 0:00:37]} 34. Qe3 {[%clk 0:00:08]} Nd7
{[%clk 0:00:31]} 35. Qc3+ {[%clk 0:00:09]} Nf6 {[%clk 0:00:32]} 36. Kg1
{[%clk 0:00:08]} Qd1+ {[%clk 0:00:33]} 37. Kh2 {[%clk 0:00:09]} Qd6 38. Kg1 Qd5
{[%clk 0:00:35]} 39. Qe3 {[%clk 0:00:10]} h5 {[%clk 0:00:29]} 40. Qe7+
{[%clk 0:00:11]} Bf7 {[%clk 0:00:30]} 41. Qe3 {[%clk 0:00:11]} Be6
{[%clk 0:00:21]} 42. Qf4 {[%clk 0:00:12]} Kg6 {[%clk 0:00:20]} 43. Kh2
{[%clk 0:00:13]} Qg5 {[%clk 0:00:18]} 44. Qf3 {[%clk 0:00:14]} h4
{[%clk 0:00:15]} 45. Qd3+ {[%clk 0:00:13]} Kg7 {[%clk 0:00:14]} 46. Nf1
{[%clk 0:00:13]} Qf4+ {[%clk 0:00:15]} 47. Kg1 {[%clk 0:00:14]} Bc4
{[%clk 0:00:15]} 48. Qd1 {[%clk 0:00:11]} Qxf1+ {[%clk 0:00:13]} 49. Qxf1
{[%clk 0:00:12]} Bxf1 {[%clk 0:00:14]} 50. Kxf1 {[%clk 0:00:12]} Nd5
{[%clk 0:00:16]} 51. Kf2 {[%clk 0:00:11]} Nxb4 {[%clk 0:00:17]} 52. g3
{[%clk 0:00:12]} hxg3+ {[%clk 0:00:16]} 53. Kxg3 {[%clk 0:00:13]} Kg6
{[%clk 0:00:16]} 54. Kf4 {[%clk 0:00:15]} Nd5+ {[%clk 0:00:15]} 55. Ke5
{[%clk 0:00:14]} Kh5 {[%clk 0:00:15]} 56. Kd6 {[%clk 0:00:15]} Ne7
{[%clk 0:00:16]} 0-1